[Event "Velammal-AICF Women GM 2019"]
[Site "Chennai"]
[Date "2019.01.29"]
[Round "3"]
[White "Aakanksha Hagawane"]
[Black "Franco Valencia, Angela"]
[Result "1-0"]
[WhiteElo "2259"]
[BlackElo "2107"]
[Annotator "NA"]
[PlyCount "93"]
[EventDate "2019.01.28"]
[EventType "swiss"]
[EventCountry "IND"]
[SourceTitle "playchess.com"]
[Source "ChessBase"]
[SourceQuality "1"]
[TimeControl "5400+30"]

{[%evp 18,84,28,30,40,36,60,6,32767,32767,17,15,23,22,20,0,12,4,16,4,0,0,0,-2,-3,-74,60,32767,32767,32767,110,99,103,32767,32767,16,22,18,32767,32,35,12,43,37,54,32767,32767,78,60,95,183,184,32767,32767,32767,32767,32767,32767,32767,32767,32767,32767,32767,32767,32767,32767,32767,5289,2213]} 1. e4 {[%emt 0:00:00]} e5 {[%emt 0:01:50]} 2. Nf3 {[%emt 0:00:00]} Nc6 {[%emt 0:00:08]} 3. Bb5 {[%emt 0:00:00]} a6 {[%emt 0:00:07]} 4. Ba4 {[%emt 0:00:00]} g6 {[%emt 0:00:07]} 5. O-O {[%emt 0:00:24]} Bg7 {[%emt 0:00:19]} 6. c3 {[%emt 0:00:45]} d6 {[%emt 0:00:15]} 7. h3 {[%emt 0:01:58]} Bd7 {[%emt 0:00:16]} 8. d4 {[%emt 0:00:28]} Nf6 {[%emt 0:01:41]} 9. Re1 {[%emt 0:02:39]} O-O {[%emt 0:00:57]} 10. Nbd2 {[%emt 0:01:28]} Nh5 {[%emt 0:06:09] C60: Ruy Lopez: Unusual Black 3rd moves and 3...g6} (10... h6 11. Nf1 Re8 12. Ng3 b5 13. Bc2 exd4 14. cxd4 Nb4 15. Bb1 c5 16. d5 a5 17. a3 Na6 18. Bf4 {1-0 (57) Ivanchuk,V (2726)-Mamedyarov,S (2799) Huaian 2017}) 11. Nf1 {[%emt 0:02:42]} h6 {[%emt 0:03:13] LiveBook: 4 Games} 12. Ng3 $146 {[%emt 0:15:35]} ({White should play} 12. Be3 $14) ({Predecessor:} 12. Ne3 Re8 13. dxe5 dxe5 14. Bb3 Nf4 15. Nd5 Nxd5 16. Bxd5 Be6 17. Bxe6 Rxe6 18. Qb3 {½-½ (98) Ortiz Suarez,I (2611)-Matsuura,E (2486) Praia da Pipa 2014}) 12... Nxg3 {[%emt 0:01:13]} 13. fxg3 {[%emt 0:00:04]} b5 {[%emt 0:00:13]} 14. Bc2 {[%emt 0:00:34]} exd4 {[%emt 0:00:18]} 15. cxd4 {[%emt 0:00:08]} Na5 {[%emt 0:01:51]} 16. Bd2 {[%emt 0:02:33]} Nc4 {[%emt 0:00:53]} 17. Bc3 {[%emt 0:00:30]} a5 {[%emt 0:05:06]} 18. b3 {[%emt 0:06:19]} Na3 {[%emt 0:01:45]} 19. Bd3 {[%emt 0:00:37]} b4 {[%emt 0:01:54]} 20. Bb2 {[%emt 0:02:13]} c5 {[%emt 0:02:52]} 21. Qc1 {[%emt 0:11:40]} (21. Qe2 $11 {remains equal.}) 21... Nb5 {[%emt 0:04:36]} (21... Rc8 $15) 22. Bxb5 {[%emt 0:10:43]} Bxb5 {[%emt 0:00:06]} 23. dxc5 {[%emt 0:00:04]} Bxb2 {[%emt 0:00:34]} 24. Qxb2 {[%emt 0:00:01]} dxc5 {[%emt 0:00:07]} 25. Rad1 {[%emt 0:00:16]} Qb6 {[%emt 0:00:28]} 26. Kh2 {[%emt 0:00:14]} Rad8 {[%emt 0:04:33]} 27. Rc1 {[%emt 0:03:00]} a4 {[%emt 0:05:21]} 28. bxa4 {[%emt 0:03:36]} Bxa4 {[%emt 0:00:25]} 29. Qf2 {[%emt 0:00:21]} Rc8 {[%emt 0:00:16]} 30. Ne5 {[%emt 0:01:45]} Qd6 {[%emt 0:05:02]} 31. Ng4 {[%emt 0:02:29]} h5 {[%emt 0:05:44]} 32. Nf6+ {[%emt 0:02:07]} Kg7 $1 {[%emt 0:00:20]} 33. e5 {[%emt 0:01:28]} Qe6 {[%emt 0:10:27]} (33... Qd4 $14 34. Qf1 Rc6) 34. Ne4 {[%emt 0:02:14]} c4 {[%emt 0:15:39]} 35. Nc5 {[%emt 0:01:43]} Qc6 {[%emt 0:02:20]} 36. Rxc4 {[%emt 0:06:15]} Bb5 {[%emt 0:01:10]} 37. Rcc1 {[%emt 0:00:28]} Qd5 {[%emt 0:01:26]} 38. e6 {[%emt 0:02:49]} h4 {[%emt 0:05:26]} 39. gxh4 {[%emt 0:05:00]} Kh7 {[%emt 0:07:05]} 40. e7 {[%emt 0:03:17]} Rfe8 {[%emt 0:01:30]} 41. Ne4 {[%emt 0:00:52]} Kh6 {[%emt 0:00:54]} 42. Qf4+ {[%emt 0:00:41]} Kg7 $18 {[%emt 0:00:28]} 43. Qf6+ {[%emt 0:02:28]} Kh6 {[%emt 0:03:20]} 44. Rxc8 {[%emt 0:00:49]} Rxc8 {[%emt 0:00:08]} 45. Qg5+ {[%emt 0:00:24]} Qxg5 {[%emt 0:00:06]} 46. hxg5+ {[%emt 0:00:04]} Kg7 {[%emt 0:00:08]} 47. Nd6 {[%emt 0:00:03]} 1-0

[Event "Velammal-AICF Women GM 2019"]
[Site "Chennai"]
[Date "2019.01.29"]
[Round "3"]
[White "Michelle Catherina, P."]
[Black "Munguntuul, Batkhuyag"]
[Result "1/2-1/2"]
[WhiteElo "2175"]
[BlackElo "2428"]
[Annotator "NA RC"]
[PlyCount "93"]
[EventDate "2019.01.28"]
[EventType "swiss"]
[EventCountry "IND"]
[SourceTitle "playchess.com"]
[Source "ChessBase"]
[SourceQuality "1"]
[TimeControl "5400+30"]

{[%evp 24,78,32,0,18,0,33,31,31,29,37,25,39,33,39,44,46,55,44,43,63,47,52,54,52,64,66,50,32767,32767,32767,32767,32767,32767,32767,32767,32767,32767,32767,32767,32767,0,0,-11,-13,-9,0,0,0,0,0,0,0,32767,32767,0,27]} 1. e4 {[%emt 0:02:14]} c5 {[%emt 0:00:00]} 2. Nf3 {[%emt 0:00:11]} e6 {[%emt 0:00:00]} 3. d4 {[%emt 0:00:06]} cxd4 {[%emt 0:00:00]} 4. Nxd4 {[%emt 0:00:04]} Nc6 {[%emt 0:00:00]} 5. Nb5 {[%emt 0:00:09]} d6 {[%emt 0:00:01]} 6. c4 {[%emt 0:00:24]} Nf6 {[%emt 0:01:16]} 7. N1c3 {[%emt 0:00:09]} a6 {[%emt 0:00:04]} 8. Na3 {[%emt 0:00:05]} Be7 {[%emt 0:00:09]} 9. Be2 {[%emt 0:00:22]} O-O {[%emt 0:00:11]} 10. O-O {[%emt 0:01:12]} b6 {[%emt 0:00:32]} 11. Be3 {[%emt 0:00:13]} Bb7 {[%emt 0:03:10]} 12. f3 {[%emt 0:00:24]} Ne5 {[%emt 0:01:38]} 13. Kh1 {[%emt 0:05:45]} Rc8 {[%emt 0:02:11]} 14. Rc1 {[%emt 0:01:18]} Qc7 {[%emt 0:02:05]} 15. Qd2 {[%emt 0:01:54]} Rfe8 {[%emt 0:06:42]} 16. Rfd1 {[%emt 0:00:51]} Ned7 {[%emt 0:02:07]} 17. Bf1 {[%emt 0:01:45]} Qb8 {[%emt 0:00:54]} 18. Nc2 {[%emt 0:09:39] B44: Sicilian: Taimanov: 5 Nb5} (18. Bf4 Ne5 19. Bg5 Red8 20. Be3 Ned7 21. Qf2 Ba8 22. Rd2 h6 23. Rcd1 Qc7 24. Nc2 Re8 25. a3 Bb7 {½-½ (55) Henriquez Villagra,C (2500)-Potkin,V (2574) St Petersburg 2017}) 18... Bd8 {[%emt 0:07:39]} 19. Bg1 {[%emt 0:00:41]} Bc7 {[%emt 0:01:51]} 20. Ne3 {[%emt 0:01:27] LiveBook: 5 Games} Ne5 {[%emt 0:05:11]} 21. h3 $146 {[%emt 0:05:17]} ({Predecessor:} 21. Qf2 Red8 22. Rc2 Qa8 23. Rcd2 h6 24. Rd4 Nc6 25. R4d2 Ne5 {½-½ (32) Barria Zuniga,D (2432)-Elissalt Cardenas,H (2353) Madrid 2012}) 21... Rcd8 {[%emt 0:10:20]} 22. Bh2 {[%emt 0:09:38]} Nh5 {[%emt 0:08:22]} 23. b4 {[%emt 0:12:52]} h6 {[%emt 0:06:08]} 24. Ng4 {[%emt 0:16:04]} Ng6 {[%emt 0:05:43]} 25. a3 {[%emt 0:05:40]} Kh7 {[%emt 0:07:19]} 26. Bd3 {[%emt 0:03:18]} Kg8 {[%emt 0:04:03]} 27. Bf1 {[%emt 0:00:38]} Re7 {[%emt 0:03:03]} 28. Kg1 {[%emt 0:11:49]} Red7 {[%emt 0:04:21]} 29. Rc2 {[%emt 0:01:50]} Ba8 {[%emt 0:02:28]} 30. Rcc1 {[%emt 0:02:11]} Qa7 {[%emt 0:03:23]} 31. Kh1 {[%emt 0:01:26]} Bb8 {[%emt 0:02:59]} 32. Rc2 {[%emt 0:04:41]} ({Better is} 32. Nxh6+ $16 gxh6 33. Qxh6) 32... d5 $1 {[%emt 0:00:19]} 33. Bxb8 {[%emt 0:01:05]} Qxb8 {[%emt 0:00:02]} 34. cxd5 {[%emt 0:00:36]} Ng3+ {[%emt 0:00:05]} 35. Kg1 {[%emt 0:00:07]} Nxf1 {[%emt 0:01:33]} 36. Kxf1 {[%emt 0:00:15]} ({Much weaker is} 36. Rxf1 exd5 37. exd5 Bxd5 $15) 36... exd5 {[%emt 0:00:33]} 37. Nxd5 {[%emt 0:01:03]} Bxd5 {[%emt 0:02:37]} 38. exd5 {[%emt 0:00:02]} Nf4 {[%emt 0:01:26]} 39. Ne3 {[%emt 0:01:02]} Qe5 $11 {[%emt 0:02:38]} 40. Qd4 {[%emt 0:00:57]} Qxd4 {[%emt 0:02:31]} 41. Rxd4 {[%emt 0:00:02]} Nxd5 {[%emt 0:00:10]} 42. Nxd5 {[%emt 0:00:18]} Rxd5 {[%emt 0:00:01]} 43. Rxd5 {[%emt 0:00:47]} Rxd5 {[%emt 0:00:02]} 44. Rc8+ {[%emt 0:00:33]} Kh7 {[%emt 0:00:01]} 45. Rc6 {[%emt 0:00:13]} Rd3 {[%emt 0:00:20]} 46. a4 {[%emt 0:01:00]} Ra3 {[%emt 0:00:05]} 47. Rxb6 {[%emt 0:00:06]} 1/2-1/2

[Event "Velammal-AICF Women GM 2019"]
[Site "Chennai"]
[Date "2019.01.29"]
[Round "3"]
[White "Divya Deshmukh"]
[Black "Sapale Saloni"]
[Result "1-0"]
[WhiteElo "2168"]
[BlackElo "2198"]
[Annotator "NA"]
[PlyCount "65"]
[EventDate "2019.01.28"]
[EventType "swiss"]
[EventCountry "IND"]
[SourceTitle "playchess.com"]
[Source "ChessBase"]
[SourceQuality "1"]
[TimeControl "5400+30"]

1. e4 {[%emt 0:00:00]} c5 {[%emt 0:00:18]} 2. Nf3 {[%emt 0:00:00]} d6 {[%emt 0:00:10]} 3. d4 {[%emt 0:00:00]} Nf6 {[%emt 0:00:06]} 4. Nc3 {[%emt 0:00:13]} cxd4 {[%emt 0:00:09]} 5. Qxd4 {[%emt 0:00:08]} Nc6 {[%emt 0:00:08]} 6. Bb5 {[%emt 0:00:04]} Bd7 {[%emt 0:00:18]} 7. Bxc6 {[%emt 0:00:08]} Bxc6 {[%emt 0:00:08]} 8. Bg5 {[%emt 0:00:05]} Qa5 {[%emt 0:18:52]} (8... e6 $11) 9. O-O-O {[%emt 0:04:20] LiveBook: 11 Games} Rc8 {[%emt 0:02:03] B53: Sicilian: 2...d6: Lines with Qxd4} 10. Kb1 {[%emt 0:01:01]} e5 $146 {[%emt 0:15:00]} ({Predecessor:} 10... h6 11. Bxf6 gxf6 12. Qd3 Qc5 13. Nd4 Bd7 14. Rhe1 Rg8 15. g3 Qc4 16. Qd2 e6 17. f4 {½-½ (41) Stojanovski,D (2436)-Stanojoski,Z (2493) Skopje 2011}) 11. Qd2 {[%emt 0:04:42]} Be7 {[%emt 0:03:31]} 12. h4 {[%emt 0:01:56]} h6 {[%emt 0:07:17]} 13. Bxf6 $1 {[%emt 0:00:14]} Bxf6 {[%emt 0:01:03]} 14. g4 {[%emt 0:00:08]} Be7 {[%emt 0:00:28]} 15. Ne1 {[%emt 0:01:48]} Qd8 {[%emt 0:05:33]} 16. Ng2 {[%emt 0:00:47]} Bd7 {[%emt 0:05:00]} 17. Ne3 {[%emt 0:04:11]} Be6 {[%emt 0:02:13]} 18. g5 {[%emt 0:01:18]} Rc6 {[%emt 0:09:15]} 19. Ncd5 {[%emt 0:00:57]} Bxd5 {[%emt 0:01:06]} 20. exd5 {[%emt 0:00:46]} Rc7 {[%emt 0:00:19]} 21. Nf5 {[%emt 0:00:06]} hxg5 {[%emt 0:04:32]} 22. hxg5 {[%emt 0:00:18]} Rxh1 {[%emt 0:00:14]} 23. Rxh1 {[%emt 0:00:15]} Kd7 {[%emt 0:00:12]} 24. g6 {[%emt 0:14:23]} Qf8 {[%emt 0:07:38]} 25. gxf7 {[%emt 0:01:19]} Qxf7 {[%emt 0:00:47]} 26. Qd3 {[%emt 0:00:10]} Rc5 {[%emt 0:01:09]} 27. c4 {[%emt 0:00:20]} b5 {[%emt 0:03:11]} 28. b3 {[%emt 0:02:06]} Bf6 {[%emt 0:04:51]} 29. Ng3 {[%emt 0:00:58]} bxc4 {[%emt 0:02:36]} 30. bxc4 {[%emt 0:00:24]} Bd8 {[%emt 0:06:04]} 31. Ne4 $18 {[%emt 0:00:15]} Rc8 {[%emt 0:00:23]} 32. Qh3+ {[%emt 0:00:05]} Kc7 {[%emt 0:00:06]} 33. Qxc8+ {[%emt 0:00:04]} 1-0

[Event "Velammal-AICF Women GM 2019"]
[Site "Chennai"]
[Date "2019.01.29"]
[Round "3"]
[White "Chandreyee, Hajra"]
[Black "Varshini, V."]
[Result "1/2-1/2"]
[WhiteElo "1925"]
[BlackElo "2171"]
[Annotator "NA"]
[PlyCount "90"]
[EventDate "2019.01.28"]
[EventType "swiss"]
[EventCountry "IND"]
[SourceTitle "playchess.com"]
[Source "ChessBase"]
[SourceQuality "1"]
[TimeControl "5400+30"]

1. e4 {[%emt 0:02:04]} c5 {[%emt 0:00:00]} 2. Nf3 {[%emt 0:00:07]} d6 {[%emt 0:00:00]} 3. d4 {[%emt 0:00:04]} cxd4 {[%emt 0:00:00]} 4. Nxd4 {[%emt 0:00:07]} Nf6 {[%emt 0:00:00]} 5. Nc3 {[%emt 0:00:07]} a6 {[%emt 0:00:00]} 6. Be2 {[%emt 0:00:05]} e5 {[%emt 0:00:19]} 7. Nb3 {[%emt 0:00:06]} Be7 {[%emt 0:00:06]} 8. O-O {[%emt 0:00:04]} O-O {[%emt 0:00:16]} 9. Kh1 {[%emt 0:00:42]} Be6 {[%emt 0:04:28]} 10. f4 {[%emt 0:00:49]} Qc7 {[%emt 0:02:08]} 11. Nd5 {[%emt 0:02:55]} Bxd5 {[%emt 0:04:53]} 12. exd5 {[%emt 0:00:07]} Nbd7 {[%emt 0:01:09]} 13. c4 {[%emt 0:02:06]} b6 {[%emt 0:18:14]} 14. Be3 {[%emt 0:04:52]} Nc5 {[%emt 0:03:15]} 15. Nxc5 {[%emt 0:12:40]} bxc5 {[%emt 0:00:12]} 16. Qc2 {[%emt 0:04:46]} Rfe8 {[%emt 0:10:05]} 17. fxe5 {[%emt 0:03:40]} dxe5 {[%emt 0:00:19]} 18. a3 {[%emt 0:13:55]} e4 {[%emt 0:07:39]} 19. Bd1 {[%emt 0:06:28]} Bd6 {[%emt 0:03:55]} 20. g3 {[%emt 0:05:36]} Nd7 {[%emt 0:18:37]} 21. Qg2 {[%emt 0:02:33]} Ne5 {[%emt 0:02:37]} 22. Ba4 {[%emt 0:07:04]} Re7 {[%emt 0:05:14]} 23. Qxe4 {[%emt 0:01:58]} Nxc4 {[%emt 0:00:38]} 24. Qxc4 {[%emt 0:00:15]} Rxe3 {[%emt 0:00:05]} 25. Rae1 {[%emt 0:09:14]} Qe7 {[%emt 0:00:50]} 26. Rxe3 {[%emt 0:00:19]} Qxe3 {[%emt 0:00:05]} 27. Kg2 {[%emt 0:00:35]} g6 {[%emt 0:04:31]} 28. Rf2 {[%emt 0:01:29]} h5 {[%emt 0:03:31]} 29. Qe2 {[%emt 0:03:28]} Qxe2 {[%emt 0:06:34]} 30. Rxe2 {[%emt 0:00:14]} Kg7 {[%emt 0:00:04]} 31. Bb3 {[%emt 0:02:05]} Rb8 {[%emt 0:00:39]} 32. Bc4 {[%emt 0:00:08]} a5 {[%emt 0:00:04]} 33. a4 {[%emt 0:00:26]} Rh8 {[%emt 0:00:48]} 34. h3 {[%emt 0:03:02]} Rb8 {[%emt 0:01:17]} 35. b3 {[%emt 0:00:19]} Rh8 {[%emt 0:00:10]} 36. Bb5 {[%emt 0:00:21]} Rd8 {[%emt 0:01:42]} 37. Re8 {[%emt 0:02:33]} Rxe8 {[%emt 0:00:06]} 38. Bxe8 {[%emt 0:00:06]} Kf8 {[%emt 0:00:08]} 39. Bb5 {[%emt 0:00:16]} Ke7 {[%emt 0:00:03]} 40. Kf3 {[%emt 0:00:26]} Bc7 {[%emt 0:00:55]} 41. g4 {[%emt 0:00:27]} hxg4+ {[%emt 0:00:08]} 42. hxg4 {[%emt 0:00:07]} Kd6 {[%emt 0:00:25]} 43. Ke4 {[%emt 0:00:37]} f5+ {[%emt 0:00:15]} 44. gxf5 {[%emt 0:00:20]} gxf5+ {[%emt 0:00:03]} 45. Kxf5 {[%emt 0:00:11]} Kxd5 {[%emt 0:00:01] Ke4+ Ke5+} 1/2-1/2

[Event "Velammal-AICF Women GM 2019"]
[Site "Chennai"]
[Date "2019.01.30"]
[Round "4"]
[White "Munguntuul, Batkhuyag"]
[Black "Divya Deshmukh"]
[Result "1-0"]
[WhiteElo "2428"]
[BlackElo "2168"]
[Annotator "TA"]
[PlyCount "117"]
[EventDate "2019.01.28"]
[EventType "swiss"]
[EventCountry "IND"]
[SourceTitle "playchess.com"]
[Source "ChessBase"]
[SourceQuality "1"]

{[%evp 15,117,29,72,45,42,43,36,40,45,8,0,0,50,35,34,22,12,15,23,32,19,0,60,0,114,14,115,125,118,50,64,28,43,43,43,38,22,43,39,41,40,40,104,111,171,167,169,177,191,196,249,232,194,205,213,215,208,196,197,143,247,255,322,318,320,320,307,320,304,326,370,222,270,252,262,235,222,242,876,645,770,744,716,708,606,583,564,560,355,322,6103,6111,29976,29979,29979,29980,29982,29983,29983,29984,29984,29984,29986,29987]} 1. e4 c5 2. Nf3 d6 3. d4 cxd4 4. Nxd4 Nf6 5. Nc3 a6 6. Be2 e6 7. Be3 Be7 8. Qd2 Qc7 9. O-O-O {B84: Sicilian Scheveningen: 6 Be2 a6, lines without early Be3} b5 (9... O-O 10. g4 b5 11. a3 Bb7 12. f3 Nc6 13. g5 Nd7 14. h4 Nce5 15. f4 Nc4 16. Bxc4 Qxc4 {0-1 (39) Ponomariov,R (2712)-Ivanchuk,V (2710) Huaian 2016}) 10. a3 Bb7 11. f3 {White is slightly better.} Nc6 12. Ndxb5 (12. g4 {looks sharper.} O-O 13. g5 Nd7 14. h4 Nce5 15. h5) 12... axb5 13. Nxb5 {[%mdl 64] Double Attack} Qd8 {And now ...d5 would win.} 14. Nxd6+ Bxd6 15. Qxd6 Qxd6 16. Rxd6 O-O 17. Rhd1 $146 Rfc8 18. Kb1 h6 (18... Ne8 $11 19. Rd7 Ba6 20. Bxa6 Rxa6) 19. c3 (19. c4 $14) 19... Na5 (19... Ba6 $11 {keeps the balance.} 20. Bxa6 Rxa6) 20. Bb6 (20. b4 $1 $16) 20... Nxe4 (20... Nc6 $1 $11 {remains equal.}) 21. fxe4 $16 Bxe4+ 22. Bd3 ({White should try} 22. Ka1 $16) 22... Bxg2 $14 23. Rg1 Bd5 24. Bd4 g6 25. Rd7 $36 {[%mdl 2048] Black must now prevent Bxg6! White is pushing.} Nb3 26. Be3 Nc5 27. Bxc5 $1 Rxc5 28. Kc2 Rcc8 (28... Bc6 $14 29. Rd4 Kf8) 29. Rf1 $16 Rf8 (29... f5 $16 {might work better.}) 30. c4 $1 $18 {[%cal Rc4d5]} Bg2 31. Rf2 Bh1 32. Kc3 e5 (32... g5 {was necessary.} 33. Rf6 g4 34. Rxh6 Bc6) 33. Re7 e4 34. Bxe4 Bxe4 35. Rxe4 {[%mdl 4096] Endgame KRR-KRR} f5 36. Re6 Kf7 37. Rb6 (37. Rd6 $18) 37... Rfe8 (37... Kg7 $16 {keeps fighting.} 38. Kb4 Rfb8) 38. Kb4 Re4 39. Kb5 f4 40. c5 g5 41. Rxh6 g4 42. Rd2 Kg7 43. Rh4 Rb8+ 44. Kc6 f3 {[#]} 45. h3 $1 Re6+ 46. Kc7 g3 $2 (46... Ree8 47. Rxg4+ Kf6) 47. Rg4+ {[%mdl 64] Double Attack} Rg6 {[#]} 48. Rxg3 $1 (48. Kxb8 $2 {loses.} Rxg4 49. hxg4 g2 $19) 48... Rxg3 49. Kxb8 {KR-KR} Rg2 50. Rd3 {Strongly threatening b4.} Rxb2+ 51. Kc7 f2 52. Rf3 Rb3 $2 (52... Re2 53. Kd6 Rd2+ 54. Ke5 Re2+ 55. Kd5 Rd2+ 56. Kc4 Rc2+ 57. Kd5 Rd2+ 58. Kc4 Rc2+ 59. Kd5 Rd2+) 53. Rxf2 Rxa3 54. c6 {[%cal Bc5c6,Bc6c7][%mdl 32] White mates.} Rc3 55. Kd7 Rxh3 56. Rd2 Kf6 57. c7 Rh7+ 58. Kc6 Rh8 59. Rd8 {Accuracy: White = 66%, Black = 46%.} 1-0

[Event "Velammal-AICF Women GM 2019"]
[Site "Chennai"]
[Date "2019.01.30"]
[Round "4"]
[White "Osmak, Iulija"]
[Black "Sapale Saloni"]
[Result "*"]
[WhiteElo "2394"]
[BlackElo "2198"]
[Annotator "TA"]
[PlyCount "21"]
[EventDate "2019.01.28"]
[EventType "swiss"]
[EventCountry "IND"]
[SourceTitle "playchess.com"]
[Source "ChessBase"]
[SourceQuality "1"]

{[%evp 12,14,0,-8,13]} 1. d4 Nf6 2. Bf4 g6 3. Nc3 d5 (3... c5 4. dxc5 Qa5 5. a3 Qxc5 6. e4 Bg7 7. Nf3 d6 8. h3 O-O 9. Qd2 b6 10. O-O-O Bb7 11. Be3 {1-0 (48) Nabaty,T (2692)-Almasi,Z (2702) Batumi 2018}) 4. e3 Bg7 5. h4 c6 6. Be2 {A45: Trompowsky Attack} h5 7. Nf3 {LiveBook: 24 Games} Nbd7 {Predecessor:} 8. Ne5 $146 Nxe5 9. Bxe5 Kf8 10. Qd2 b5 11. f3 {1-0 (33) Abasov,N (2587)-Valsecchi,A (2508) Antalya 2017} *

[Event "Velammal-AICF Women GM 2019"]
[Site "Chennai"]
[Date "2019.01.30"]
[Round "4"]
[White "Osmak, Iulija"]
[Black "Sapale Saloni"]
[Result "1-0"]
[WhiteElo "2394"]
[BlackElo "2198"]
[Annotator "TA"]
[PlyCount "113"]
[EventDate "2019.01.28"]
[EventType "swiss"]
[EventCountry "IND"]
[SourceTitle "playchess.com"]
[Source "ChessBase"]
[SourceQuality "1"]

{[%evp 9,113,0,0,0,-8,-11,0,-10,13,12,6,0,9,-45,0,0,0,0,13,0,0,0,0,0,0,0,0,0,3,-14,14,0,0,0,0,0,0,0,0,0,0,-17,-14,-14,0,0,0,0,0,0,0,0,0,0,0,0,0,0,0,0,0,0,0,0,0,0,0,0,0,0,0,0,328,328,438,168,432,443,425,384,397,383,920,923,893,884,852,834,870,423,843,471,656,557,1270,1268,1262,877,1333,1145,6750,6342,6319,6309,6295,6270]} 1. d4 Nf6 2. Bf4 g6 3. Nc3 d5 (3... c5 4. dxc5 Qa5 5. a3 Qxc5 6. e4 Bg7 7. Nf3 d6 8. h3 O-O 9. Qd2 b6 10. O-O-O Bb7 11. Be3 {1-0 (48) Nabaty,T (2692)-Almasi,Z (2702) Batumi 2018}) 4. e3 Bg7 5. h4 c6 6. Be2 {A45: Trompowsky Attack} h5 7. Nf3 Nbd7 {[%cal Bb8d7,Bd7f8,Bf8e6,Be6g7,Bg7f5,Bf5g3][%mdl 32]} 8. Ne5 {The position is equal.} Nf8 9. Qd2 Ne6 10. Bh2 Nd7 11. f4 $146 (11. Nf3 $11) ({Predecessor:} 11. O-O-O Nxe5 12. Bxe5 Bxe5 13. dxe5 {0-1 (35) Gjestemoen Vonhirsch,A (1993)-Sapale,S (2187) Stockholm 2019}) 11... Nxe5 (11... Nf6 {with more complications.} 12. f5 gxf5 13. Rf1 Ng4 14. Bg3 Bh6) 12. fxe5 b5 13. a3 Bh6 14. Bf3 Ng7 15. Ne2 Nf5 16. Bf4 Bxf4 17. Nxf4 Ng3 18. Rh2 Bf5 19. Qc3 Rc8 20. Kf2 Ne4+ 21. Bxe4 $1 Bxe4 22. Nd3 Bxd3 23. Qxd3 Qd7 24. Kg1 c5 {[%cal Bc6c5,Bc5c4][%mdl 32]} 25. Rf1 c4 26. Qe2 Rc6 27. Rh3 f5 28. exf6 Rxf6 29. Rxf6 exf6 $11 {[%mdl 4096] Endgame KQR-KQR} 30. e4 dxe4 31. Qxe4+ {[%mdl 64] [#] Double Attack} Kf7 32. Rg3 f5 33. Qf4 Re8 {Strongly threatening ...Re4.} 34. Re3 Rxe3 35. Qxe3 {KQ-KQ} Qd6 36. c3 a6 37. Kf2 Kf6 38. Qh6 Kf7 39. Qe3 Kf6 40. Qg3 Qd5 $2 {[%mdl 8192] [#]} (40... Qe6 $1 $11 {and Black has nothing to worry.}) 41. Qb8 $1 $18 Qc6 42. Qf8+ Ke6 43. Qg7 Qe4 44. Qxg6+ {[%mdl 64] Double Attack} Kd7 45. Qxh5 Qf4+ $2 (45... Kc7 46. g3 Kd8) 46. Kg1 {White is clearly winning.} Qc1+ 47. Kh2 Qf4+ 48. Kh3 Qf1 49. Qf7+ (49. Qg5 $142 Qh1+ 50. Kg3) 49... Kd6 (49... Kc6 $142 50. h5 Qh1+ 51. Kg3 Kb6 52. Qxf5 Ka5) 50. Qf6+ Kd7 51. Qe5 Qf2 52. h5 {[%cal Bh4h5,Bh5h6][%mdl 32]} f4 53. Qd5+ Ke8 54. Qf3 Qxb2 55. h6 {h7 would kill now.} Qc2 56. Kh2 Qf5 57. Qh3 {Accuracy: White = 73%, Black = 62%.} 1-0